| Tag |
First Indicator |
Second Indicator |
Subfields |
| LEADER |
00000cam a22000007a 4500 |
| 001 |
in00000001344 |
| 005 |
20151007050413.0 |
| 008 |
980914s1998 xxu f000 0 eng d |
| 035 |
|
|
|a (OCoLC)
|
| 035 |
|
|
|a tmp97130349
|
| 035 |
|
|
|9 AJB2775AM
|
| 040 |
|
|
|a MvI
|c MvI
|d UtOrBLW
|
| 049 |
|
|
|a UMIC
|
| 074 |
|
|
|a 0720-B-03
|
| 086 |
0 |
|
|a J 34.3:172814
|
| 245 |
0 |
0 |
|a OVC Bulletin, New Directions from the Field: Victims' Rights and Services for the 21st Century, Prosecution, NCJ No. 172814, August 1998.
|
| 264 |
|
1 |
|a [Place of publication not identified] :
|b [publisher not identified],
|c [1998?]
|
| 336 |
|
|
|a text
|b txt
|2 rdacontent
|
| 337 |
|
|
|a unmediated
|b n
|2 rdamedia
|
| 338 |
|
|
|a volume
|b nc
|2 rdacarrier
|
| 500 |
|
|
|a Shipping List #: 98-0353-P
|
| 500 |
|
|
|a Shipping List Date: 09/02/98
|
| 999 |
|
|
|a MARS
|
| 999 |
f |
f |
|s e797eef4-9757-3743-bdb1-b006bfa60883
|i 8ce6be77-4a74-3970-92c9-84d885b9ba4f
|t 0
|
| 952 |
f |
f |
|p normal
|a Texas A&M University
|b College Station
|c Sterling C. Evans Library
|d Evans: US Documents (Annex 5th floor)
|t 0
|e J 34.3:172814
|h Superintendent of Documents classification
|i unmediated -- volume
|m A14824390432
|
| 998 |
f |
f |
|a J 34.3:172814
|t 0
|l Evans: US Documents (Annex 5th floor)
|